|
|
|
|
| LEADER |
00598cam a2200169 7i4500 |
| 001 |
0000028928 |
| 005 |
20130114090000.0 |
| 020 |
0 |
0 |
|a 9789678922999
|
| 090 |
0 |
0 |
|a M 354.09595
|b ARA
|
| 245 |
0 |
0 |
|a Arahan perbendaharaan :
|b (Hingga 1hb Ogos 2012).
|
| 260 |
0 |
0 |
|a Petaling Jaya. Selangor:
|b International Law Book Services,
|c 2012.
|
| 300 |
# |
# |
|a 180 p.
|
| 440 |
0 |
0 |
|a Undang - undang Malaysia
|
| 650 |
0 |
0 |
|a Finance,Public --
|x Law and legislation --
|z Malaysia
|
| 651 |
0 |
0 |
|a Malaysia
|
| 999 |
|
|
|a B000031634
|b Book
|c Malaysia
|e Business Information Centre
|
| 999 |
|
|
|a B000031633
|b Book
|c Malaysia
|e Business Information Centre
|